Attribution rules could be redefined (Record no. 69588)

MARC details
000 -LEADER
fixed length control field 01103cam a2200193 4500
001 - CONTROL NUMBER
control field WB3808-01
008 - FIXED-LENGTH DATA ELEMENTS--GENERAL INFORMATION
fixed length control field 020226n2002 000 0 eng u
035 ## - SYSTEM CONTROL NUMBER
System control number (Sirsi) u116845
245 ## - TITLE STATEMENT
Title Attribution rules could be redefined
260 ## - PUBLICATION, DISTRIBUTION, ETC.
Date of publication, distribution, etc. 2002
490 ## - SERIES STATEMENT
Series statement Antiques Trade Gazette
Volume/sequential designation (1527) 23 February 2002, 1&2(1)
520 ## - SUMMARY, ETC.
Summary, etc. Depending on the final judgement, the case "Drake v Agnew's" could change the rules and conventions on attribution in UK art sales. Texan millionaire art collector Richard Drake bought a portrait from Agnew's believing it to be by Van Dyck but later doubt was thrown onto its provenance. Drake claims that Agnew's had a contract to guarantee the authorship of the work. Given that many leading artists only painted the important parts of a painting attributed to them, a ruling in favour of Drake could create a precedent preventing those dealing in art from attributing even masterpieces directly to their artists.
590 ## - LOCAL NOTE (RLIN)
Local note WB
650 ## - SUBJECT ADDED ENTRY--TOPICAL TERM
Topical term or geographic name entry element PAINTINGS
650 ## - SUBJECT ADDED ENTRY--TOPICAL TERM
Topical term or geographic name entry element ATTRIBUTION
650 ## - SUBJECT ADDED ENTRY--TOPICAL TERM
Topical term or geographic name entry element DRAKE V AGNEW'S
690 ## - LOCAL SUBJECT ADDED ENTRY--TOPICAL TERM (OCLC, RLIN)
Topical term or geographic name as entry element Arts and antiques
9 (RLIN) 6217
942 ## - ADDED ENTRY ELEMENTS (KOHA)
Suppress in OPAC 0
Holdings
Withdrawn status Lost status Source of classification or shelving scheme Damaged status Not for loan Home library Current library Shelving location Date acquired Total Checkouts Full call number Barcode Date last seen Copy number Price effective from Koha item type
    Dewey Decimal Classification     London London News article 26/02/2002   WB3808-01 116845-1001 06/08/2019 1 06/08/2019 News article